000 01019nam a2200265Ia 4500
003 OSt
005 20221005103146.0
006 a|||||r|||| 00| 0
007 ta
008 221004b |||||||| |||| 00| 0 hin d
024 _a107270
037 _cTextual
040 _aCRL
_cCRL
_bhin
041 _2hin
_ahin
082 _aO157,6M61x, 152K4
100 _aरवीन्द्रनाथ ठाकुर
245 0 _aविश्व - मानवता की ओर
246 _aVishva - mānavatā kī ora
260 _aउत्तर
_bप्रदेश हिन्दी - समिति सूचना - विभाग भारत
_c1964
300 _a319पृ0
_ccm.
650 _aबंगाली निबंध
700 _a जोशी, इलाचन्द्र, अनु.
942 _hO157,6M61x, 152K4
_cTEXL
_2cc
999 _c1009522
_d1009522